Prediction of Demand for Primary Bond Offerings Using Artificial Neural Networks
Metodológia neurálne siete - využitie váženého algoritmu. Alternatívy sieťovej topológie. Výstupy sietí porovnané v modeli OLS.
Gespeichert in:
| 1. Verfasser: | |
|---|---|
| Weitere Verfasser: | |
| Format: | Buchkapitel |
| Sprache: | Englisch |
| Schlagworte: | |
| Tags: |
Keine Tags, Fügen Sie das erste Tag hinzu!
|
MARC
| LEADER | 00000naa a2200000 4500 | ||
|---|---|---|---|
| 001 | 0211073 | ||
| 005 | 20240502073521.4 | ||
| 041 | 0 | |a eng | |
| 044 | |a SK | ||
| 245 | 1 | 0 | |a Prediction of Demand for Primary Bond Offerings Using Artificial Neural Networks |c Michal Tkáč ml., Róbert Verner |
| 520 | |a Metodológia neurálne siete - využitie váženého algoritmu. Alternatívy sieťovej topológie. Výstupy sietí porovnané v modeli OLS. | ||
| 610 | 2 | 0 | |a prognostika |
| 610 | 2 | 0 | |a modely prognostické ekonometrické |
| 610 | 2 | 0 | |a siete neurónové |
| 610 | 2 | 0 | |a dlhopisy |
| 100 | 1 | |a Tkáč, Michal, 1958- | |
| 700 | 1 | |a Verner, Robert, 1986- | |